Trends in psychiatry and psychotherapy

Detalles Bibliográficos
Título anterior:Revista de psiquiatria do Rio Grande do Sul (Online)
Autor Corporativo: Associação de Psiquiatria do Rio Grande do Sul
Formato: Electrónico Revista
Lenguaje:portugués
inglés
Publicado: Porto Alegre, RS, Brasil : Associação de Psiquiatria do Rio Grande do Sul, [2011]-
Materias:
Acceso en línea:Full text available from Research Library: 01/01/2011 to present

MARC

LEADER 00000nas a2200000 a 4500
001 ssj0000866700
003 WaSeSS
005 20200512172242.0
006 m d
007 cr n
008 120705c20119999bl qr p s 0 0por c
010 |a  2013263026 
016 7 |a 101610695  |2 DNLM 
022 |a 2238-0019  |l 2237-6089 
035 |a (WaSeSS)ssj0000866700 
037 |b Associação de Psiquiatria do Rio Grande do Sul, Av. Ipiranga, 5311/202, 90610-001, Porto Alegre, RS, Brasil 
040 |a CNCGM  |b eng  |c CNCGM  |d OCLCQ  |d TXA  |d NLM  |d OCLCF  |d UAT  |d OCLCQ  |d CUS  |d OCLCO  |d CUS  |d AU@  |d OCLCQ  |d OCLCO  |d OCLCA  |d UAB  |d OCLCQ  |d OCLCO  |d OCLCA  |d WaSeSS 
041 0 |a por  |a eng 
042 |a pcc 
043 |a s-bl--- 
050 1 4 |a RC331  |b .T746 
060 1 0 |a W1 
210 0 |a Trends Psychiatry Psychother.  |b (Online) 
222 0 |a Trends in Psychiatry and Psychotherapy  |b (Online) 
245 0 0 |a Trends in psychiatry and psychotherapy  |h [electronic resource]. 
260 |a Porto Alegre, RS, Brasil :  |b Associação de Psiquiatria do Rio Grande do Sul,  |c [2011]- 
310 |a Quarterly 
362 1 |a Began with: Vol. 33, no. 3 (2011). 
506 |a License restrictions may limit access. 
546 |a Articles in Portuguese with abstracts in Portuguese and English, 2011-; Articles chiefly in English with abstracts in English and Portuguese, 2012- 
550 |a Official scientific publication of Associação de Psiquiatria do Rio Grande do Sul (APRS, Brazil). 
588 |a Description based on: Vol. 33, no. 3 (2011); title from PDF editorial (scielo site, viewed Mar. 30, 2013). 
588 |a Latest issue consulted: Vol. 35, no. 1 (2013) (scielo site, viewed June 18, 2013). 
650 0 |a Psychiatry  |v Periodicals. 
650 0 |a Psychiatry  |z Brazil  |v Periodicals. 
650 0 |a Psychotherapy  |v Periodicals. 
650 0 |a Psychotherapy  |z Brazil  |v Periodicals. 
650 1 2 |a Mental Disorders. 
650 2 2 |a Psychotherapy. 
650 7 |a Psychiatry.  |2 fast  |0 (OCoLC)fst01081152 
650 7 |a Psychotherapy.  |2 fast  |0 (OCoLC)fst01081755 
651 7 |a Brazil.  |2 fast  |0 (OCoLC)fst01206830 
655 0 |a Electronic journals. 
710 2 |a Associação de Psiquiatria do Rio Grande do Sul. 
776 0 8 |i Print version:  |t Trends in Psychiatry and Psychotherapy  |x 2237-6089 
780 0 0 |t Revista de psiquiatria do Rio Grande do Sul (Online)  |w (DLC) 2004262219  |w (OCoLC)55490613 
856 4 0 |z Full text available from Research Library: 01/01/2011 to present  |u https://search.proquest.com/publication/2035003